Engineers in Japan and Britain (Record no. 64752)
[ view plain ]
| 000 -LEADER | |
|---|---|
| fixed length control field | 01514nam a2200361Ia 4500 |
| 082 04 - DEWEY DECIMAL CLASSIFICATION NUMBER | |
| Classification number | 620/.0071/052 |
| 100 1# - MAIN ENTRY--AUTHOR NAME | |
| Personal name | McCormick, Kevin, |
| 245 10 - TITLE STATEMENT | |
| Title | Engineers in Japan and Britain |
| 260 ## - PUBLICATION, DISTRIBUTION, ETC. (IMPRINT) | |
| Place of publication | London ; |
| -- | New York : |
| Name of publisher | Routledge, |
| Year of publication | 2000. |
| 300 ## - PHYSICAL DESCRIPTION | |
| Number of Pages | xxii, 302 p. : |
| Other physical details | ill. |
| 490 1# - SERIES STATEMENT | |
| Series statement | The Nissan Institute/Routledge Japanese studies series |
| 650 #0 - SUBJECT ADDED ENTRY--TOPICAL TERM | |
| Topical Term | Engineering |
| Topical Term | Engineering |
| Topical Term | Engineers |
| Topical Term | Engineers |
| 856 40 - ELECTRONIC LOCATION AND ACCESS | |
| Uniform Resource Identifier | http://site.ebrary.com/lib/rucke/Doc?id=10054645 |
No items available.
